000 00259nam a2200097Ia 4500
008 240331s9999 xx 000 0 und d
082 _bLIB
100 _aLogos. ed
245 0 _aLiberation on the village :
_btransport and health- Logos, Vol. 16, No. 1
942 _cL
999 _c2231
_d2231